Online katalóg knižníc regiónu Turca

Rozprávky na dobrú noc (Record no. 21471)

MARC details
000 -LEADER
fixed length control field 01734cam a2200517 a 4500
001 - CONTROL NUMBER
control field 21471
003 - CONTROL NUMBER IDENTIFIER
control field VRT
005 - DATE AND TIME OF LATEST TRANSACTION
control field 20260302132042.0
008 - FIXED-LENGTH DATA ELEMENTS--GENERAL INFORMATION
fixed length control field 160610s2014 xr a b 000 j slo
015 ## - NATIONAL BIBLIOGRAPHY NUMBER
National bibliography number SNBZSA2015
020 ## - INTERNATIONAL STANDARD BOOK NUMBER
International Standard Book Number 9788025231296 (viaz.)
035 ## - SYSTEM CONTROL NUMBER
System control number 602663DD-51FC-4964-937D-37A933620741
035 ## - SYSTEM CONTROL NUMBER
System control number urn:nbn:sk:snk-aml13z
035 ## - SYSTEM CONTROL NUMBER
System control number urn:nbn:sk:snk-am008moj
039 #9 - LEVEL OF BIBLIOGRAPHIC CONTROL AND CODING DETAIL [OBSOLETE]
Level of rules in bibliographic description 201606101536
Level of effort used to assign nonsubject heading access points VLOAD
Level of effort used to assign subject headings 201604291803
Level of effort used to assign classification VLOAD
Level of effort used to assign subject headings 201604281010
Level of effort used to assign classification VLOAD
Level of effort used to assign subject headings 201510051351
Level of effort used to assign classification msnk116
040 ## - CATALOGING SOURCE
Original cataloging agency SLLK
Language of cataloging slo
Transcribing agency SLLK
Modifying agency SNK
Description conventions AACR2
041 1# - LANGUAGE CODE
Language code of text/sound track or separate title slo
Language code of original [eng]
044 ## - COUNTRY OF PUBLISHING/PRODUCING ENTITY CODE
MARC country code xr
ISO country code CZ
072 #7 - SUBJECT CATEGORY CODE
Subject category code 821.111(73)-3
Subject category code subdivision Americká próza
Source konspekt
072 #7 - SUBJECT CATEGORY CODE
Subject category code 821-93
Subject category code subdivision Literatúra pre deti a mládež
Source konspekt
080 ## - UNIVERSAL DECIMAL CLASSIFICATION NUMBER
Universal Decimal Classification number (0:82-32)
Edition identifier 2001
080 ## - UNIVERSAL DECIMAL CLASSIFICATION NUMBER
Universal Decimal Classification number (0.053.2)
Edition identifier 2001
080 ## - UNIVERSAL DECIMAL CLASSIFICATION NUMBER
Universal Decimal Classification number 821-93
Edition identifier 2001
110 2# - MAIN ENTRY--CORPORATE NAME
Corporate name or jurisdiction name as entry element Studio 100
245 10 - TITLE STATEMENT
Title Rozprávky na dobrú noc
Number of part/section of a work 7
Name of part/section of a work Včielka Maja
Statement of responsibility, etc. [preložila Eva Krupová ; Studio 100]
246 30 - VARYING FORM OF TITLE
Title proper/short title Včielka Maja
260 ## - PUBLICATION, DISTRIBUTION, ETC.
Place of publication, distribution, etc. Praha
Name of publisher, distributor, etc. Egmont ČR
Date of publication, distribution, etc. 2014
300 ## - PHYSICAL DESCRIPTION
Extent 63 s.
Other physical details ilustr.
Dimensions 28 cm
490 1# - SERIES STATEMENT
Series statement Včielka Maja
500 ## - GENERAL NOTE
General note Na základe kníh Waldemara Bonselse
500 ## - GENERAL NOTE
General note Dokument obsahuje 4 diela
655 #7 - INDEX TERM--GENRE/FORM
Genre/form data or focus term príbehy
Source of term SNKPH
655 #7 - INDEX TERM--GENRE/FORM
Genre/form data or focus term publikácie pre deti
Source of term SNKPH
655 #7 - INDEX TERM--GENRE/FORM
Genre/form data or focus term Stories
Source of term SNKPHeng
655 #7 - INDEX TERM--GENRE/FORM
Genre/form data or focus term Children’s literature
Source of term SNKPHeng
700 1# - ADDED ENTRY--PERSONAL NAME
Personal name Krupová, Eva,
Dates associated with a name 1941-
Relationship trl
700 1# - ADDED ENTRY--PERSONAL NAME
Personal name Bonsels, Waldemar,
Dates associated with a name 1880-1952
Relationship org
740 02 - ADDED ENTRY--UNCONTROLLED RELATED/ANALYTICAL TITLE
Uncontrolled related/analytical title Výzor klame
740 02 - ADDED ENTRY--UNCONTROLLED RELATED/ANALYTICAL TITLE
Uncontrolled related/analytical title Spiaca krásavica
740 02 - ADDED ENTRY--UNCONTROLLED RELATED/ANALYTICAL TITLE
Uncontrolled related/analytical title Maja si nepospí
740 02 - ADDED ENTRY--UNCONTROLLED RELATED/ANALYTICAL TITLE
Uncontrolled related/analytical title Filibert
830 #0 - SERIES ADDED ENTRY--UNIFORM TITLE
Uniform title Včielka Maja
942 ## - ADDED ENTRY ELEMENTS (KOHA)
Source of classification or shelving scheme Dewey Decimal Classification
Koha item type Krásna literatúra pre deti
Suppress in OPAC No
949 ## - LOCAL PROCESSING INFORMATION (OCLC)
6 3869A10688
a bpksh821-93
b bpksh66539
949 ## - LOCAL PROCESSING INFORMATION (OCLC)
6 17A1141878
a snkSB 87427/7
b snk2015/10806
o Pemic14-ah/36Int. č. fa – 14/2015
s 6100:20151005
Holdings
Stav vyradenia Strata Poškodenie Spôsob nadobudnutia Domovská knižnica Aktuálna knižnica Dátum nadobudnutia Total checkouts Čiarový kód exemplára Date last seen Typ exemplára
      Dar Obecná knižnica Turčianska Štiavnička Obecná knižnica Turčianska Štiavnička 02.03.2026   4738000169 02.03.2026 Krásna literatúra pre deti
Projekt je podporený Slovenskou asociáciou knižníc
Prevádzkuje Turčianska knižnica Martin 2026